LEADER 01098nam a2200253 i 4500 001 000000129597 003 CaOOAMICUS 005 20070705000000.0 008 070705s1984 it u000 u ita u 013 $a102330 040 $aSeMil$bita 100 1 $aBoselli, Pietro Marco.$0(OLS)http://semarc/name/43260 245 10$aAldo Moro: una amicizia :$b(1868-1978) /$cPietro M. Boselli ; Prefazione di Luigi Ambrosi. 260 $aNapoli :$bSocietà Editrice Napoletana,$cCopyr. 1984. 300 $a224 p., [2] c. di tav. :$bill. ;$c21 cm. 500 $aContiene : Appendice. - Fondo card. C.M. Martini. 600 14$aMoro, Aldo <1916-1978>.$0(OLS)http://semarc/subject/6668 700 1 $aAmbrosi, Luigi <1870-1924>.$0(OLS)http://semarc/name/808 850 $aSeMil 852 $aSeMil$W1$xVenegono$y1$m3N II 640$j83711$B83711$CSeMilBibl$Z2$F125765 $81 941 1 $a4 961 $aOmaggio: Martini Card. Carlo Maria 996 $6245$aAldo Moro: una amicizia :$b(1868-1978)$9(OLS)http://semarc/title/191224 996 $6260$aNapoli :$bSocietà Editrice Napoletana$9(OLS)http://semarc/publisher/34589 LEADER 00889nam a2200229 i 4500 001 000000172455 003 CaOOAMICUS 005 20080611000000.0 008 080611s1997 it u000 u ita u 013 $a149897 040 $aSeMil$bita 100 1 $aCristini, Giovanni.$0(OLS)http://semarc/name/8758 245 10$aPoesie :$b1978-1995 /$cGiovanni Cristini. 260 $aMilano :$bIstituto di Propaganda Libraria,$ccopyr. 1997. 300 $a62 p. ;$c17 cm. 490 0 $aIl giglio rosso ;$v8 830 3$aIl giglio rosso ;$v8.$0(OLS)http://semarc/title/7932 850 $aSeMil 852 $aSeMil$W1$xVenegono$y1$m1D I 213$j123317$B123317$CSeMilBibl$Z2$F134485 $81 961 $aOmaggio: Biblioteca Ambrosiana 996 $6245$aPoesie :$b1978-1995$9(OLS)http://semarc/title/246964 996 $6260$aMilano :$bIstituto di Propaganda Libraria$9(OLS)http://semarc/publisher/30855